| 000 | 00966 a2200205 4500 | ||
|---|---|---|---|
| 020 | _a1558503846 | ||
| 020 | _a9781558503847 | ||
| 082 | 0 | 4 | _a332.6 |
| 090 |
_c2949 _d2949 |
||
| 100 | 1 | _aWilliamson, Gordon K. | |
| 245 | 1 | 0 |
_aLow risk investing : _bhow to get a good return on your money without losing any sleep / _cGordon K. Williamson. |
| 250 | _a2 Updated ed. | ||
| 260 |
_a[S.l.] : _bAdams Media Corporation, _c1994. |
||
| 300 |
_a309 p. ; _c22 cm. |
||
| 500 | _aPaperback. | ||
| 520 | _aExplains and evaluates the various alternatives, from money market funds to common stocks, available to investors for achieving a good return on their money with minimal risk, and shows how to choose the right means for specific financial needs. | ||
| 856 | 4 | 0 |
_3Amazon.com _uhttp://www.amazon.com/exec/obidos/ASIN/1558503846/chopaconline-20 |
| 856 | 4 | 0 |
_3Amazon customer reviews _uhttp://www.chopac.org/cgi-bin/tools/azrev.pl?q=1558503846 |
| 942 |
_aNBS _cBK _k332.6 WIL |
||
| 999 |
_c345439 _d345439 |
||